Phương pháp giáo dục thể chất trẻ em
Những vấn đề chung về giáo dục thể chất; Đặc điểm phát triển thể chất và nhiệm vụ, phương hướng giáo dục thể chất cho trẻ tuổi mầm non, cùng một số nội dung tổ chức giáo dục thể chất cho trẻ trong trường mầm non, cho trẻ tuổi mẫu giáo .....
Bewaard in:
| Hoofdauteur: | |
|---|---|
| Formaat: | Boek |
| Taal: | Vietnamese |
| Gepubliceerd in: |
H.
Đại học Quốc gia Hà Nội
2005
|
| Reeks: | Bộ Giáo dục và Đào tạo. Trường cao đẳng Sư phạm Nhà trẻ mẫu giáo TW1
|
| Onderwerpen: | |
| Tags: |
Voeg label toe
Geen labels, Wees de eerste die dit record labelt!
|
| Thư viện lưu trữ: | Mạng thư viện Đại học Đà Nẵng |
|---|
| LEADER | 01611nam a2200385 4500 | ||
|---|---|---|---|
| 001 | 000006383 | ||
| 003 | 2538 | ||
| 005 | 20120524090535.0 | ||
| 008 | 110908s2005 viesd | ||
| 020 | |c 10500đ | ||
| 041 | 0 | |a vie | |
| 082 | |a 372.86 |b HO-B | ||
| 100 | 0 | |a Hoàng Thị Bưởi | |
| 245 | 0 | |a Phương pháp giáo dục thể chất trẻ em |c Hoàng Thị Bưởi | |
| 260 | |a H. |b Đại học Quốc gia Hà Nội |c 2005 | ||
| 300 | |a 134 tr |c 21 cm | ||
| 490 | |a Bộ Giáo dục và Đào tạo. Trường cao đẳng Sư phạm Nhà trẻ mẫu giáo TW1 | ||
| 504 | |a Thư mục: tr. 133-134 | ||
| 520 | |a Những vấn đề chung về giáo dục thể chất; Đặc điểm phát triển thể chất và nhiệm vụ, phương hướng giáo dục thể chất cho trẻ tuổi mầm non, cùng một số nội dung tổ chức giáo dục thể chất cho trẻ trong trường mầm non, cho trẻ tuổi mẫu giáo .. | ||
| 653 | |a Giáo dục | ||
| 653 | |a Sức khoẻ | ||
| 653 | |a Trẻ em | ||
| 653 | |a Mẫu giáo | ||
| 700 | |a Hoàng Thị Bưởi |e Tác giả | ||
| 910 | |a Nguyễn Thị Kim Oanh |d 08/09/2011 | ||
| OWN | |a LSP | ||
| AVA | |a UDN50 |b LSP |d 372.86 HO-B |e check_holdings |t Error 5003 Not defined in file expand_doc_bib_avail. |h N |k 1 | ||
| 999 | |a From the UDN01 | ||
| AVA | |a UDN50 |b LSP |d 372.86 HO-B |e available |t Error 5001 Not defined in file expand_doc_bib_avail. |f 78 |g 0 |h N |i 27 |k 1 | ||
| TYP | |a Monograph | ||
| TYP | |a Printed language | ||
| 980 | |a Mạng thư viện Đại học Đà Nẵng | ||